Marketing management : (Record no. 84063)

MARC details
000 -LEADER
fixed length control field 01003nam a22002657a 4500
005 - DATE AND TIME OF LATEST TRANSACTION
control field 20180309120657.0
010 ## - LCCN (DPL NO)
LC control number ENG-109937
020 ## - INTERNATIONAL STANDARD BOOK NUMBER
International Standard Book Number 9789381335536
Terms of availability 275.00
020 ## - INTERNATIONAL STANDARD BOOK NUMBER
Terms of availability 295.00
035 ## - SYSTEM CONTROL NUMBER
System control number EN-93470
035 ## - SYSTEM CONTROL NUMBER
System control number B-537220-226
035 ## - SYSTEM CONTROL NUMBER
System control number B-667721
037 ## - SOURCE OF ACQUISITION
Source of stock number/acquisition DBAD/PUB
037 ## - SOURCE OF ACQUISITION
Source of stock number/acquisition K.K.Pub/Ven
Stock number dpl
082 ## - DEWEY DECIMAL CLASSIFICATION NUMBER
Classification number 658.8
100 ## - MAIN ENTRY--PERSONAL NAME
Personal name Maheshwari, Rajendra P.
245 ## - TITLE STATEMENT
Title Marketing management :
Statement of responsibility, etc by Rajendra P. Maheshwari [and] Lokesh Jindal
Remainder of title theory and practice for BBA,BBS, BBE, BFA and other under-graduate courses /
260 ## - PUBLICATION, DISTRIBUTION, ETC. (IMPRINT)
Place of publication, distribution, etc New Delhi
Name of publisher, distributor, etc International Book House
Date of publication, distribution, etc 2013
270 ## - ADDRESS
Address 2/42, Ansari Road, Daryaganj
City New Delhi
Postal code 110002
300 ## - PHYSICAL DESCRIPTION
Extent 317p. :
Dimensions 24cm(pbk)
Other physical details ill.
700 ## - ADDED ENTRY--PERSONAL NAME
Personal name Jindal, Lokesh
942 ## - ADDED ENTRY ELEMENTS (KOHA)
Source of classification or shelving scheme Dewey Decimal Classification
Item type English Books
Call number suffix MAH
Classification part 658.8
Holdings
Withdrawn status Lost status Not for loan Collection code Home library Current library Date acquired Source of acquisition Cost, normal purchase price Full call number Barcode Copy number Cost, replacement price Koha item type
      Non-fiction Ashok Vihar Ashok Vihar 09/03/2018 KKP/278/24.2.2017/420/15.2.2017/17.3.2017 295.00 658.8 MAH B-667721 1 295.00 English Books
      Non-fiction Bawana Bawana 31/10/2014 K.K.Pub/BL3710/31.03.2014/146/25.03.2014/31.03.2014 275.00 658.8 MAH B-537224 1 275.00 English Books
    Not For Loan Non-fiction D.B.Act.Division D.B.Act.Division 08/05/2014 DBAD / PUB 275.00 658.8 MAH EN-93470 1 275.00 English Books
      Non-fiction Janak Puri Janak Puri 31/10/2014 K.K.Pub/BL3710/31.03.2014/146/25.03.2014/31.03.2014 275.00 658.8 MAH B-537221 1 275.00 English Books
      Non-fiction Narela Narela 31/10/2014 K.K.Pub/BL3710/31.03.2014/146/25.03.2014/31.03.2014 275.00 658.8 MAH B-537225 1 275.00 English Books
      Non-fiction Patel Nagar Patel Nagar 31/10/2014 K.K.Pub/BL3710/31.03.2014/146/25.03.2014/31.03.2014 275.00 658.8 MAH B-537220 1 275.00 English Books
      Non-fiction Sarojini Nagar Sarojini Nagar 31/10/2014 K.K.Pub/BL3710/31.03.2014/146/25.03.2014/31.03.2014 275.00 658.8 MAH B-537222 1 275.00 English Books
      Non-fiction Shahdara Branch Shahdara Branch 31/10/2014 K.K.Pub/BL3710/31.03.2014/146/25.03.2014/31.03.2014 275.00 658.8 MAH B-537226 1 275.00 English Books
      Non-fiction Vinoba Puri Vinoba Puri 31/10/2014 K.K.Pub/BL3710/31.03.2014/146/25.03.2014/31.03.2014 275.00 658.8 MAH B-537223 1 275.00 English Books

© Delhi Public Library
Hit Counter
free hit counter